| Поле | Название | Значение |
| |
Тип записи |
a |
| |
Библиографический уровень |
m |
| 001 |
Контрольный номер |
RU/SLIB/B/208704596 |
| 005 |
Дата корректировки |
20241022141314.3 |
| 010 |
Индекс ISBN |
__ |
| d |
Цена |
700-00 |
| 101 |
Язык документа |
0_ |
| a |
Язык текста |
rus |
| c |
Язык оригинала |
eng |
| 200 |
Заглавие и сведения об ответственности |
0_ |
| a |
Заглавие |
Арнольд: Неофициальная биография Арнольда Шварценеггера |
| f |
Первые сведения об ответственности |
В. Лей ; пер. с англ. О. В. Лазинского |
| b |
Общее обозначение материала |
Текст |
| 210 |
Выходные данные |
__ |
| a |
Место издания |
М. |
| c |
Издательство |
Лайф |
| d |
Дата издания |
1992 |
| 215 |
Физическое описание |
__ |
| a |
Объем |
238 с., [8] л. ил. |
| 225 |
Серия |
__ |
| a |
Серия |
Знаменитости мира |
| 330 |
Аннотация |
__ |
| a |
Аннотация |
Книга рассказывает о дороге славы А. Шварцнеггера, его личной жизни, его карьере, его друзьях и недругах. |
| 600 |
Персоналии |
__ |
| a |
Персоналии (Фамилия) |
Шварценеггер А. |
| c |
Дополнение к имени |
актер американский |
| f |
Даты |
1947 |
| g |
Полное имя |
Арнольд |
| 606 |
Тематические рубрики |
__ |
| a |
Основная рубрика |
Музыка и зрелищные искусства |
| a |
Основная рубрика |
Теория и методика физического воспитания |
| a |
Основная рубрика |
Физическая культура и спорт |
| a |
Основная рубрика |
Художественно-игровое кино |
| y |
Географическая подрубрика |
США; Соединенные Штаты Америки |
| 610 |
Ключевые слова |
__ |
| a |
Ключевые слова |
спорт; кино; атлетизм; биографии; культуризм; бодибилдинг; актеры |
| 686 |
Индексы других классификаций |
__ |
| 2 |
Код системы |
rubbks |
| a |
Классификационный индекс |
85.374(7Сое)-8 |
| 686 |
Индексы других классификаций |
__ |
| a |
Классификационный индекс |
75.1 |
| 700 |
Автор |
_1 |
| a |
Фамилия |
Лей |
| b |
Имя |
В. |
| 4 |
Код отношения |
070 |
| 702 |
Вторичная интеллектуальная ответственность |
_1 |
| a |
Фамилия |
Лазинский |
| b |
Имя |
О. В. |
| 4 |
Код отношения |
Переводчик |
| 4 |
Код отношения |
730 |
| 801 |
Источник записи |
_0 |
| a |
Страна |
RU |
| b |
Организация |
Муниципальное бюджетное учреждение культуры "Централизованная библиотечная система" г. Сургут (Центральная городская библиотека им. А. С. Пушкина) |
| g |
Правила каталогизации |
КиК/Котельникова |
| 801 |
Источник записи |
_1 |
| a |
Страна |
RU |
| b |
Организация |
Муниципальное бюджетное учреждение культуры "Централизованная библиотечная система" г. Сургут (Центральная городская библиотека им. А. С. Пушкина) |
| g |
Правила каталогизации |
КиК/Котельникова |
| 852 |
Данные о местонахождении |
__ |
| j |
Шифр хранения |
85.374(7Сое)-8 |
| c |
Каталожный индекс |
85.374(7Сое)-8; 75.1 |
| i |
Авторский знак |
Л 42 |
| p |
Инвентарный номер |
47338 |
| 901 |
Тип документа |
1_ |
| t |
Тип документа |
m |
| 903 |
Характеристики (МАРС) |
__ |
| a |
Дата передачи |
20030829; 20000220 |
| 990 |
Данные о заказе (DOS) |
00 |
| j |
Количество экземпляров (DOS) |
1; 1 |
| t |
N записи в КСУ для И/У (DOS) |
200001 |